|
|
|
|
| LEADER |
00000nam0a2200000 4500 |
| 001 |
681514 |
| 005 |
20251030152731.0 |
| 090 |
|
|
|a 681514
|
| 100 |
|
|
|a 20250902d2008 km|y0rusy50 ca
|
| 101 |
0 |
|
|a rus
|
| 102 |
|
|
|a RU
|
| 105 |
|
|
|a a z 000yy
|
| 181 |
|
0 |
|a i
|b e
|
| 182 |
|
0 |
|a n
|
| 183 |
|
0 |
|a nc
|2 RDAcarrier
|
| 200 |
1 |
|
|a Физико-технический факультет. История кафедры Прикладной физики (до 1996 года - кафедра №12)
|f Б. А. Кононов
|g Томский политехнический университет
|
| 203 |
|
|
|a Текст
|b визуальный
|c непосредственный
|
| 210 |
|
|
|a Томск
|c Изд-во ТПУ
|d 2008
|
| 215 |
|
|
|a 212 с.
|c ил.
|
| 283 |
|
|
|a volume
|2 RDAcarrier
|
| 330 |
|
|
|a В сборнике освещены этапы создания и развития кафедры ПФ, подготовившей с момента образования около 1500 высококлассных специалистов, а также приведены краткие сведения о кадровом составе кафедры, их воспоминания и др. Большую помощь оказали использованные в работе материалы сборников "50-летие физико-технического образования в Сибири" и "Профессора Томского политехнического института".
|
| 512 |
1 |
|
|a История кафедры Прикладная физика
|z rus
|
| 606 |
|
|
|a Томский политехнический университет
|9 83260
|
| 610 |
1 |
|
|a высшее образование
|
| 610 |
1 |
|
|a Сибирь
|
| 610 |
1 |
|
|a Томск
|
| 610 |
1 |
|
|a история
|
| 610 |
1 |
|
|a 20 век
|
| 610 |
1 |
|
|a 21 век
|
| 610 |
1 |
|
|a кафедра Прикладная физика
|
| 610 |
1 |
|
|a сотрудники
|
| 610 |
1 |
|
|a учебная деятельность
|
| 610 |
1 |
|
|a научно-исследовательская деятельность
|
| 610 |
1 |
|
|a Физико-технический факультет
|
| 610 |
1 |
|
|a Томский политехнический институт
|
| 610 |
1 |
|
|a Томский синхротрон
|
| 610 |
1 |
|
|a профессорско-преподавательский состав
|
| 610 |
1 |
|
|a выпускники
|
| 610 |
1 |
|
|a бетатрон
|
| 610 |
1 |
|
|a Коллекция История ТПУ
|
| 686 |
|
|
|2 rubbk
|a Ч484(2)72ТПУ
|
| 700 |
|
1 |
|a Кононов
|b Б. А.
|c физик
|c Заслуженный профессор Томского политехнического университета
|f 1930-
|g Борис Александрович
|9 7740
|
| 712 |
0 |
2 |
|a Томский политехнический университет
|c (1991-2009)
|4 570
|9 23382
|
| 801 |
|
0 |
|a RU
|b 63413507
|c 20250904
|
| 942 |
|
|
|c BK
|